Statistiques concernant Vainqueurs de la Ligue des Champions de l'AFC

Cliquez ici pour prendre le quiz!

Statistiques générales

  • Ce quiz a été pris 17 fois
  • Le résultat moyen est 6 sur 33

Statistiques - réponses

AnnéeClub% Correct
1987Tokyo Verdy
62%
1991Al-Hilal
38%
1999Al-Hilal
38%
2016Jeonbuk Hyundai Motors
38%
2006Jeonbuk Hyundai Motors
38%
2002-2003Al-Ain
31%
2008Gamba Osaka
31%
2015Guangzhou Evergrande
31%
2013Guangzhou Evergrande
31%
2005Al-Ittihad
23%
2004Al-Ittihad
23%
2018Kashima Antlers
23%
2017Urawa Red Diamonds
23%
2007Urawa Red Diamonds
23%
2014Western Sydney Wanderers
23%
2001Suwon Bluewings
15%
2000Suwon Bluewings
15%
1988Al Sadd
8%
2011Al-Sadd
8%
1985Busan IPark
8%
1990Esteghlal Téhéran
8%
1986JEF United Ichihara Chiba
8%
1998Jubilo Iwata
8%
1989Liaoning FC
8%
1992PAS Téhéran
8%
2009Pohang Steelers
8%
1996Pohang Steelers
8%
1997Pohang Steelers
8%
1995Seongnam FC
8%
2010Seongnam FC
8%
1994Thai Farmers Bank
8%
1993Thai Farmers Bank
8%
2012Ulsan Hyundai
8%

Distribution des résultats

Percentile par nombre de réponses

% des personnes avec chaque résultat

Votre développement - résultats

Vous n’avez pas pris ce quiz